00497nam a2200145Ia 4500008004100000020002200041082001700063100002000080245007200100260003200172300001000204942001200214999001900226952010600245210430s9999 xx 000 0 und d a978-1-84755-895-4 a620.5 C996 N aGeoffrey A Ozin aNanochemistry A Chemical Approach to NanomaterialscGeoffrey A Ozin aCanadabRSC Publisherc2009 a820p. cBK2ddc c564786d564786 001040708NFICaSCMEbSCMEcGENd0000-00-00l0o620.5 C996 NpSCME-4007r2021-04-30w2021-04-30yBK